000
002620000a22000970004500
100
1
_a
Gevirtz, Stanley (1929- )
245
1
0
_a
Asher in the blessing of Jacob
300
_a
Vol. 37, Num. 2 (Abril, 1987), Páginas 154-163
773
0
_t
Vetus Testamentum
942
_c
ANA
999
_c
57309
_d
57309